Random Groups of Bordering Countries with a Disappearing Map - Statistics

General Stats
  • This quiz has been taken 5,034 times
    2,058 since last reset
  • The average score is 23 of 24
Answers on the Map
Answers color-coded by a green-red scale on the quiz's map according to % correct below.
 
Answer Stats
Answer % Correct
Algeria
100%
Brazil
100%
Brazil
100%
Canada
100%
India
100%
Mexico
100%
Nepal
100%
Russia
100%
Argentina
99%
Belarus
99%
Bolivia
99%
Canada
99%
Chile
99%
China
99%
China
99%
Colombia
99%
Egypt
99%
France
99%
India
99%
Italy
99%
Mexico
99%
Morocco
99%
Norway
99%
Paraguay
99%
Poland
99%
Russia
99%
Russia
99%
Russia
99%
Saudi Arabia
99%
Thailand
99%
Ukraine
99%
United States
99%
United States
99%
Uruguay
99%
Uruguay
99%
Venezuela
99%
Algeria
98%
Austria
98%
China
98%
Egypt
98%
Finland
98%
France
98%
India
98%
Iran
98%
Kazakhstan
98%
North Korea
98%
Pakistan
98%
Paraguay
98%
Portugal
98%
Saudi Arabia
98%
Spain
98%
Suriname
98%
Sweden
98%
Tunisia
98%
Venezuela
98%
Vietnam
98%
Cambodia
97%
China
97%
Democratic Republic of the Congo
97%
Germany
97%
Guyana
97%
Guyana
97%
Honduras
97%
India
97%
Indonesia
97%
Iran
97%
Iran
97%
Iraq
97%
Laos
97%
Libya
97%
Libya
97%
Lithuania
97%
Morocco
97%
Nepal
97%
Oman
97%
Panama
97%
Papua New Guinea
97%
South Africa
97%
South Korea
97%
Suriname
97%
Switzerland
97%
Turkey
97%
Ukraine
97%
United Arab Emirates
97%
Vietnam
97%
Yemen
97%
Afghanistan
96%
Belguim
96%
Chad
96%
Colombia
96%
Estonia
96%
Hungary
96%
Kazakhstan
96%
Kazakhstan
96%
Latvia
96%
Libya
96%
Malaysia
96%
Mali
96%
Mongolia
96%
Mozambique
96%
Nicaragua
96%
Niger
96%
Pakistan
96%
Pakistan
96%
Romania
96%
Slovenia
96%
Somalia
96%
South Sudan
96%
Sudan
96%
Sudan
96%
Syria
96%
Thailand
96%
Uzbekistan
96%
Afghanistan
95%
Armenia
95%
Bangladesh
95%
Belguim
95%
Bhutan
95%
Central African Republic
95%
Chad
95%
Chad
95%
Chad
95%
Costa Rica
95%
Croatia
95%
Ethiopia
95%
Georgia
95%
Germany
95%
Honduras
95%
Iraq
95%
Iraq
95%
Jordan
95%
Kenya
95%
Kyrgyzstan
95%
Laos
95%
Lithuania
95%
Moldova
95%
Mozambique
95%
Myanmar
95%
Nepal
95%
Netherlands
95%
Niger
95%
Peru
95%
Qatar
95%
Rwanda
95%
Serbia
95%
Tajikistan
95%
Thailand
95%
Turkmenistan
95%
Turkmenistan
95%
Uzbekistan
95%
Uzbekistan
95%
Venezuela
95%
Zambia
95%
Zambia
95%
Zimbabwe
95%
Austria
94%
Austria
94%
Bangladesh
94%
Belarus
94%
Bhutan
94%
Bhutan
94%
Bosnia and Herzegovina
94%
Democratic Republic of the Congo
94%
Ecuador
94%
El Salvador
94%
Ethiopia
94%
Greece
94%
Guatemala
94%
Honduras
94%
Jordan
94%
Kuwait
94%
Lesotho
94%
Malawi
94%
Montenegro
94%
Myanmar
94%
Nigeria
94%
Poland
94%
Slovenia
94%
Tanzania
94%
Turkmenistan
94%
Uzbekistan
94%
Azerbaijan
93%
Belguim
93%
Bosnia and Herzegovina
93%
Czech Republic
93%
El Salvador
93%
Eswatini
93%
Georgia
93%
Guatemala
93%
Hungary
93%
Hungary
93%
Israel
93%
Israel
93%
Kosovo
93%
Kyrgyzstan
93%
Kyrgyzstan
93%
Mauritania
93%
Nicaragua
93%
North Macedonia
93%
Switzerland
93%
Syria
93%
Syria
93%
Uganda
93%
Zambia
93%
Armenia
92%
Belize
92%
Botswana
92%
Burundi
92%
Czech Republic
92%
Djibouti
92%
Eritrea
92%
Jordan
92%
Kosovo
92%
Malawi
92%
Namibia
92%
North Macedonia
92%
Slovakia
92%
Tajikistan
92%
Zambia
92%
Albania
91%
Angola
91%
Bulgaria
91%
Bulgaria
91%
Costa Rica
91%
Ivory Coast
91%
Lebanon
91%
Republic of the Congo
91%
Angola
90%
Botswana
90%
Lebanon
90%
Senegal
90%
Serbia
90%
Guinea
89%
Senegal
89%
South Sudan
89%
Cameroon
88%
Djibouti
88%
Guinea
88%
Azerbaijan
87%
Belize
87%
Cameroon
87%
Gabon
87%
Gambia
87%
Guinea-Bissau
87%
Kuwait
87%
Liberia
87%
Luxembourg
87%
Republic of the Congo
87%
Sierra Leone
87%
Lebanon
86%
Equatorial Guinea
84%
Luxembourg
84%
No matching quizzes found
Score Distribution
Percent of People with Each Score
Percentile by Number Answered
Your Score History
You have not taken this quiz since the last reset